|
|
|
|
| LEADER |
01144pam a22002898a 4500 |
| 001 |
00022651 |
| 005 |
20171026081022.0 |
| 008 |
110601s1999 ||||||Viesd |
| 020 |
|
|
|c 6500
|
| 041 |
0 |
# |
|a Vie
|
| 082 |
1 |
4 |
|b TH450NH
|a 551.1
|
| 100 |
0 |
# |
|a Nguyễn Dược
|
| 245 |
0 |
0 |
|a Thổ nhưỡng và sinh quyển
|b Giáo trình đào tạo giáo viên trung học cơ sở hệ cao đẳng sư phạm
|c Nguyễn Dược; Nguyễn Trọng Hiếu
|
| 250 |
# |
# |
|a Tái bản lần 1
|
| 260 |
# |
# |
|a H.
|b Giáo viên
|c 1999
|
| 300 |
# |
# |
|a 87 tr.
|c 24 cm.
|
| 500 |
# |
# |
|a Bộ giáo dục và đào tạo
|
| 650 |
# |
4 |
|a Thổ nhưỡng
|
| 653 |
# |
# |
|a Giáo trình
|
| 653 |
# |
# |
|a Sinh quyển
|
| 700 |
0 |
# |
|a Nguyễn Trọng Hiếu
|
| 852 |
# |
# |
|b Kho giáo trình
|j KGT.0024531, KGT.0024532, KGT.0024533, KGT.0024534
|
| 852 |
# |
# |
|b Kho mượn
|j KGT.0024531
|
| 852 |
# |
# |
|b Kho đọc
|j KD.0009956
|
| 852 |
# |
# |
|j KGT.0024532
|j KGT.0024534
|j KD.0009956
|j KGT.0024531
|j KGT.0024533
|
| 910 |
0 |
# |
|a Hoa Lê
|d 01/06/2011
|
| 980 |
# |
# |
|a Trung tâm Học liệu Lê Vũ Hùng, Trường Đại học Đồng Tháp
|